Discrete-time control systems /
সংরক্ষণ করুন:
| প্রধান লেখক: | |
|---|---|
| বিন্যাস: | গ্রন্থ |
| ভাষা: | Vietnamese |
| প্রকাশিত: |
Singapore :
Prentice-Hall ,
1989
|
| বিষয়গুলি: | |
| ট্যাগগুলো: |
ট্যাগ যুক্ত করুন
কোনো ট্যাগ নেই, প্রথমজন হিসাবে ট্যাগ করুন!
|
| Thư viện lưu trữ: | Thư viện Trường CĐ Kỹ Thuật Cao Thắng |
|---|
| LEADER | 00634nam a2200205 a 4500 | ||
|---|---|---|---|
| 001 | TVCDKTCT2871 | ||
| 003 | Thư viện trường Cao đẳng Kỹ thuật Cao Thắng | ||
| 005 | 20170523133403.3 | ||
| 008 | 050827 | ||
| 980 | \ | \ | |a Thư viện Trường CĐ Kỹ Thuật Cao Thắng |
| 024 | |a RG_1 #1 eb0 i1 | ||
| 041 | 0 | # | |a vie |
| 082 | # | # | |a 004 / |b 400O-d |
| 100 | 1 | # | |a Ogata Katsuhiko |
| 245 | 0 | 0 | |a Discrete-time control systems / |c Ogata Katsuhiko |
| 260 | # | # | |a Singapore : |b Prentice-Hall , |c 1989 |
| 300 | # | # | |a 994tr. ; |c 24cm |
| 650 | # | 4 | |a Tin học |
| 721 | # | # | |a Công nghệ thông tin |
| 841 | # | # | |b Kho Sách |j 100006717 |